00486 a2200169 450000100060000002000060000604000220001210000320003424000450006624500400011130000060015136200090015765000370016694200070020395200890021099900170029953484 a  cAnchieta - Pituba aSantos, Josie Carla Azevedo10a1ª Língua portuguesa, II unidadelpor10a1ª Língua portuguesa, II unidade a70 a2016 4aLínguas espanhola e portuguesa cBK 00104070a91.1b91.1d2023-11-21l0p2857/PITr2023-11-21 18:21:26w2023-11-21yBK c53484d53484